Statystyki dla Największe miasta w Polsce

Kliknij tutaj aby rozwiązać quiz!

Ogólne statystyki

  • Ten quiz został rozwiązany 65,214 razy
  • Średni wynik to 15 z 20

Statystyki odpowiedzi

Ludność Miasto % poprawnych
1 735 442Warszawa
100%
761 873Kraków
99%
461 489Gdańsk
98%
634 487Wrocław
95%
545 680Poznań
94%
706 004Łódź
91%
247 820Gdynia
90%
407 180Szczecin
89%
301 834Katowice
88%
295 459Białystok
82%
341 722Lublin
82%
203 158Toruń
76%
357 652Bydgoszcz
74%
185 123Rzeszów
71%
198 857Kielce
63%
217 201Radom
56%
230 123Częstochowa
50%
209 274Sosnowiec
47%
184 415Gliwice
40%
177 188Zabrze
37%

Rozkład punktacji

Percentyl według liczby udzielonych odpowiedzi

Procent ludzi z każdym wynikiem

Twoja historia wyników

Nie rozwiązałeś tego quizu